Penal Code (Act 574) (Record no. 4420)
[ view plain ]
| 000 -LEADER | |
|---|---|
| fixed length control field | nam a22 a 4500 |
| 005 - DATE AND TIME OF LATEST TRANSACTION | |
| control field | 20170530092405.0 |
| 008 - FIXED-LENGTH DATA ELEMENTS--GENERAL INFORMATION | |
| fixed length control field | 170530b2012 my ||||| |||| 00| 0 eng d |
| 020 ## - INTERNATIONAL STANDARD BOOK NUMBER | |
| International Standard Book Number | 9789678918534 |
| 040 ## - CATALOGING SOURCE | |
| Original cataloging agency | AKMAL |
| 082 ## - DEWEY DECIMAL CLASSIFICATION NUMBER | |
| Classification number | 345.59502 MAL |
| 090 ## - LOCALLY ASSIGNED LC-TYPE CALL NUMBER (OCLC); LOCAL CALL NUMBER (RLIN) | |
| Classification number (OCLC) (R) ; Classification number, CALL (RLIN) (NR) | 345.59502 |
| Local cutter number (OCLC) ; Book number/undivided call number, CALL (RLIN) | MAL |
| 245 ## - TITLE STATEMENT | |
| Title | Penal Code (Act 574) |
| Remainder of title | (as at 5th January 2012) |
| Statement of responsibility, etc. | International Law Book Services |
| 260 ## - PUBLICATION, DISTRIBUTION, ETC. | |
| Place of publication, distribution, etc. | Petaling Jaya |
| Name of publisher, distributor, etc. | International Law Book Services |
| Date of publication, distribution, etc. | 2012 |
| 300 ## - PHYSICAL DESCRIPTION | |
| Extent | 201ms |
| Dimensions | 24 cm |
| 599 ## - LOCAL NOTE | |
| Local Note | DALAM PROSES |
| 650 ## - SUBJECT ADDED ENTRY--TOPICAL TERM | |
| Topical term or geographic name entry element | Laws |
| 9 (RLIN) | 8586 |
| 942 ## - ADDED ENTRY ELEMENTS (KOHA) | |
| Source of classification or shelving scheme | |
| Koha item type | Book |
| Withdrawn status | Lost status | Source of classification or shelving scheme | Damaged status | Not for loan | Collection code | Home library | Current library | Shelving location | Date acquired | Inventory number | Total Checkouts | Full call number | Barcode | Date last seen | Price effective from | Koha item type |
|---|---|---|---|---|---|---|---|---|---|---|---|---|---|---|---|---|
| NON-FICTION | AKMAL Melaka | AKMAL Melaka | PINJAMAN | 30.05.2017 | 306270 | 345.59502 MAL | 201706951 | 30.05.2017 | 30.05.2017 | Book |
